000 00756nam a2200217 i 4500
001 42462
003 ES-MaACL
005 20250704062543.0
007 t|
008 021216s1863 sp ||||1| spa d
080 _a061.21(460.27) Ateneo
100 1 _aCortijo y Aparicio, Pedro.
_940935
245 1 0 _aPropuesta que hace al Ateneo Científico y Literario de Madrid el socio D. Pedro Cortijo y Aparicio.
260 _aMadrid :
_b[s.n.],
_c1863 (
_fVicente y Lavajos)
300 _a16 p. ;
_c23 cm.
500 _aLa propuesta se refiere a la financiación de un nuevo local para el Ateneo.
610 2 7 _aAteneo de Madrid-
_xPresupuestos.
_91932
610 2 4 _aAteneo de Madrid-
_vHistoria
_91925
852 _aES-MaACL
_jT-154-F-14
999 _c42462
_d42462